The big picture (Record no. 75799)
[ view plain ]
| 000 -LEADER | |
|---|---|
| fixed length control field | 01313cab a2200193 4500 |
| 001 - CONTROL NUMBER | |
| control field | L130803 |
| 008 - FIXED-LENGTH DATA ELEMENTS--GENERAL INFORMATION | |
| fixed length control field | 050831n2005 000 0 eng u |
| 035 ## - SYSTEM CONTROL NUMBER | |
| System control number | (Sirsi) u130803 |
| 041 0# - LANGUAGE CODE | |
| Language code of text/sound track or separate title | eng |
| 100 ## - MAIN ENTRY--PERSONAL NAME | |
| Personal name | Stephens, Mark |
| 245 #4 - TITLE STATEMENT | |
| Title | The big picture |
| 260 ## - PUBLICATION, DISTRIBUTION, ETC. | |
| Date of publication, distribution, etc. | 2005 |
| 490 ## - SERIES STATEMENT | |
| Series statement | Roof |
| Volume/sequential designation | 30(5) September/October 2005, 42-44(3) |
| 520 ## - SUMMARY, ETC. | |
| Summary, etc. | Reflects on housing policy in England over the last 30 years. Observes that bricks and mortar subsidies have almost disappeared with housing benefit becoming the dominant financial subsidy, that British social rented housing is distributed as if it were a means-tested benefit and that shared-equity proposals are reactive and tackle the symptom of the problem not the cause. Comments on developments in the social and private sectors and concludes with some lessons for the future. Refers to the "Evaluation of English housing policy" study conducted by a consortium of universities between January 2003 and November 2004. Chart and figure. |
| 590 ## - LOCAL NOTE (RLIN) | |
| Local note | IKA130905 |
| 690 ## - LOCAL SUBJECT ADDED ENTRY--TOPICAL TERM (OCLC, RLIN) | |
| Topical term or geographic name as entry element | PROPERTY-RESIDENTIAL PROPERTY-DOMESTIC RESIDENTIAL PROPERTY-HOUSING |
| 856 ## - ELECTRONIC LOCATION AND ACCESS | |
| Uniform Resource Identifier | <a href="https://www.odpm.gov.uk/stellent/groups/odpm_housing/documents/divisionhomepage/035353.hcsp">https://www.odpm.gov.uk/stellent/groups/odpm_housing/documents/divisionhomepage/035353.hcsp</a> |
| Public note | View the "Evaluation of English housing policy" reports free of charge at www.odpm.gov.uk... |
| 942 ## - ADDED ENTRY ELEMENTS (KOHA) | |
| Suppress in OPAC | 0 |
| Withdrawn status | Lost status | Source of classification or shelving scheme | Damaged status | Not for loan | Home library | Current library | Shelving location | Date acquired | Total Checkouts | Full call number | Barcode | Date last seen | Copy number | Price effective from | Koha item type |
|---|---|---|---|---|---|---|---|---|---|---|---|---|---|---|---|
| Dewey Decimal Classification | London | London | Journal article | 31/08/2005 | L130803 | 130803-1001 | 06/08/2019 | 1 | 06/08/2019 | Journal article |